Opinión pública, medios de comunicación y política en Costa Rica /
Guardado en:
| Hovedforfatter: | |
|---|---|
| Format: | Texto |
| Fag: | |
| Tags: |
Tilføj Tag
Ingen Tags, Vær først til at tagge denne postø!
|
MARC
| LEADER | 00000 a a2200000 04500 | ||
|---|---|---|---|
| 001 | 16828 | ||
| 003 | |||
| 040 | |a CRAI/IIS |c CRAI/IIS | ||
| 100 | |a Mora Rodríguez, Jesús | ||
| 245 | |a Opinión pública, medios de comunicación y política en Costa Rica / |c Jesús Mora Rodríguez | ||
| 650 | |a MEDIOS DE COMUNICACION DE MASAS | ||
| 650 | |a OPINION PUBLICA | ||
| 650 | |a POLITICA | ||
| 650 | |a DEMOCRACIA | ||
| 773 | |g volumen 12, número 1; páginas 223-238 | ||
| 999 | |c 19614 |d 19614 | ||
